000 01627nam a2200457 c 4500
001 22741
003 ES-MaCES
005 20141221122813.0
008 091218s2009 sp t 000 | spa d
017 _aB 27309-2009
_bDL
020 _a9788497904735
035 _aCES20090013330m
040 _aES-MaCES
_bspa
_cES-MaCES
245 0 0 _aTemas de Derecho energético
_cPascual Sala Atienza (director) ; [autores], J. Miguel Aguado Palanco ... [et al.]
250 _a1ª ed
260 _aBarcelona
_bBosch
_c2009
300 _a765 p.
_c24 cm
500 _aEn la port.: UNESA, Asociación Española de la Industria eléctrica
500 _aIncluye (p. 569-765): Ley 54/1997, de 27 nov., del sector eléctrico y Ley 34/1998, de 7 de oct., del sector de hidrocarburos
541 _cCompra
650 4 _aenergía
_927749
650 4 _aindustria energética
_931014
650 4 _aenergía eléctrica
_927761
650 4 _adistribución de energía eléctrica
_927762
650 4 _ahidrocarburo
_931295
650 4 _agas
_927777
650 4 _adistribución de gas
_927778
650 4 _alegislación económica
_927161
650 4 _atexto
_929624
650 4 _aEspaña
_926964
650 4 _arégimen jurídico
_929894
653 1 0 _aIndustria-Energía
700 1 _aAguado Palanco, J. Miguel
_95656
700 1 _aSala Atienza, Pascual
_edir.
_923045
710 2 _aUNESA
_95065
710 1 _aEspaña
_tLey del sector eléctrico
_d1997
_92973
710 1 _aEspaña
_tLey del sector de hidrocarburos
_d1998
_92972
902 _aLIB Libro
942 _2CES
_cBK
_h5.2.
999 _c22741
_d22741